000 01212nam a2200325 i 4500
001 000021828
003 DO-SdBNP
005 20240229102914.0
007 ta
008 100913s1985 dr abc 000 0 spa d
040 _aDO-SdBNP
_bspa
_cBNPHU
_erda
082 4 _a972.9323
_bF316h, 1985
_222
100 1 _aFéliz, Carlos Julio,
_d1958-
_eautor
_917698
245 1 0 _aHistoria de Pedernales /
_cCarlos Julio Féliz C.
250 _a2a edición
264 _aSanto Domingo :
_bAlfa y Omega,
_c1985.
300 _a127 paginas :
_bilustraciones, mapa, retratos ;
_c22 cm.
336 _2rdacontent
_atexto
_btxt
337 _2rdamedia
_asin mediación
_bn
338 _2rdacarrier
_avolumen
_bnc
500 _aIncluye notas al pie de las páginas.
504 _aBibliografía : p. 119-122
590 _aInventariado, 2023 / DG
650 4 _aCiudades y pueblos
_zRepública Dominicana
_9784
651 4 _aPedernales (República Dominicana{Rpara}
_xHistoria Local
_938922
651 4 _aPedernales (República Dominicana{Rpara}
_xVida Social Y Costumbres
_938923
651 4 _aPedernales (República Dominicana{Rpara}
_xCondiciones Sociales
_938924
910 _aValidado. Control de calidad BNPHU
942 _2ddc
_cLBS1
999 _c21326
_d21326